Films en emojis partie 2! - Statistiques

Statistiques générales
  • Ce quiz a été pris 895 fois
  • Le résultat moyen est 8 sur 15
Statistiques - réponses
Hint Réponse % Correct
👽📞🏠🧒🏻 E.T
97%
🗼🧀🧑🏻‍🍳🐀👩🏻‍🍳🍲 Ratatouille
96%
🏭🍫🎫 Charlie et la Chocolaterie
81%
🐕🍝🐩 La Belle et le Clochard
77%
👧🏼🐇⌚️🙀☕️👑📚🎩 Alice au Pays des Merveilles
69%
🤙🏻🏄🏼 Brice de Nice
63%
🏃🏻🍫🪑 Forrest Gump
60%
🧒🏻🧒🏻🧒🏻🧒🏻👴🏻🎼 Les Choristes
60%
👹👠👜👛👗 Le diable s'habille en Prada
59%
🥊🧼🏚🤫🚬 Fight Club
43%
🟢👁🚪👧🏻🔵 Monstres et Compagnie
21%
🦫⏰📆❄️ Groundhog Day
13%
🐰💃🕵🏻💄✨ Qui veut la peau de Roger Rabbit?
9%
✂️🎞😰🏆 La Cité de la Peur
5%
🏠🌊👩🏻‍🦰👨🏻😴💭 Eternal Sunshine of The Spotless Mind
1%
Aucun quiz correspondant
Distribution des résultats
% des personnes avec chaque résultat
Percentile par nombre de réponses
Votre historique - résultats
Vous n’avez pas pris ce quiz